Statistics for Disc Golf World Champions

Click here to take the quiz!

General Stats

  • This quiz has been taken 74 times
    (69 since last reset)
  • The average score is 16 of 37

Answer Stats

HintAnswer% Correct
2012 | 2013 | 2014 | 2015Paul McBeth
100%
2016 | 2017Ricky Wysocki
88%
1990 | 1991 | 1992 | +9 othersKen Climo
57%
2018Greg Barsby
50%
2009Avery Jenkins
41%
2005 | 2007 | 2011Nate Doss
32%
2008Dave Feldberg
30%
2003 | 2004Barry Schultz
27%
2010Eric McCabe
18%
2001Cameron Todd
7%
1999Ron Russell
5%
1983Jeff Watson
4%
1989Steve Wisecup
4%
1988John Ahart
4%
1987Gregg Hosfeld
4%
1986Johny Sias
4%
1984Sam Ferrans
4%
1982 | 1985Harold Duvall
2%

Score Distribution

Percentile by Number Answered

Percent of People with Each Score

Your Score History

You have not taken this quiz since the last reset